[Event "28.Alpenpokal"]
[Site "?"]
[Date "2002.??.??"]
[Round "1"]
[White "Assmann, Thomas"]
[Black "Rueggeberg, Wilhelm"]
[Result "1-0"]
[WhiteElo "2334"]
[BlackElo "1847"]
[Annotator "ChessOrg"]
[PlyCount "49"]

1. d4 Nf6 2. Nf3 d5 3. c4 e6 4. cxd5 exd5 5. Nc3 c6 6. Qc2 g6 7. Bg5 Bg7 8. e3
Bf5 9. Bd3 Bxd3 10. Qxd3 Nbd7 11. b4 O-O 12. O-O Re8 13. b5 Qa5 14. bxc6 bxc6
15. Bxf6 Nxf6 16. Rac1 Ne4 17. Nd2 Nxd2 18. Qxd2 Bf8 19. Rc2 Rab8 20. Ne4 Bb4
21. Nf6+ Kh8 22. Qe2 Re6 23. Nd7 Rb5 24. Ne5 Qc7 25. Qxb5 1-0

[Event "28.Alpenpokal"]
[Site "?"]
[Date "2002.??.??"]
[Round "1"]
[White "Zuri, Amin-Barin"]
[Black "Jolowicz, Matias"]
[Result "0-1"]
[WhiteElo "1844"]
[BlackElo "2275"]
[Annotator "ChessOrg"]
[PlyCount "80"]

1. e4 d5 2. exd5 Qxd5 3. Nc3 Qa5 4. d4 c6 5. Bd3 Nf6 6. Nge2 Bg4 7. h3 Bh5 8.
O-O e6 9. Bf4 Nbd7 10. Qc1 Be7 11. a3 O-O 12. Re1 c5 13. b4 cxb4 14. axb4 Qb6
15. b5 Rfc8 16. Qb2 Qd8 17. Bg3 Nb6 18. Qb3 Bg6 19. Red1 Bxd3 20. Rxd3 Nfd5 21.
Nxd5 Qxd5 22. Qxd5 Nxd5 23. c3 a6 24. bxa6 bxa6 25. Ra4 a5 26. Bf4 Nb6 27. Ra2
a4 28. Ng3 Nd5 29. Bd2 f5 30. Nh5 Bd6 31. g3 g6 32. Nf4 Bxf4 33. gxf4 Kf7 34.
Ra3 Nb6 35. Bc1 Nc4 36. Ra2 a3 37. Kg2 Ra5 38. Kf3 Rb8 39. Ra1 a2 40. Rd1 Rb1
0-1

[Event "28.Alpenpokal"]
[Site "?"]
[Date "2002.??.??"]
[Round "1"]
[White "Feller, Joseph"]
[Black "Johne, Siegfried"]
[Result "1-0"]
[WhiteElo "2209"]
[BlackElo "1832"]
[Annotator "ChessOrg"]
[PlyCount "91"]

1. e4 c5 2. b4 Nf6 3. e5 Nd5 4. bxc5 Qa5 5. Nf3 e6 6. c4 Nc7 7. Bd3 Bxc5 8. O-O
Nc6 9. Bc2 Nd4 10. Be4 Nxf3+ 11. Qxf3 Bd4 12. Nc3 Rb8 13. Rb1 b6 14. Ne2 Bxe5
15. d4 Bf6 16. Qg3 e5 17. Bg5 Ba6 18. Bxf6 gxf6 19. Qg7 Ke7 20. dxe5 Qxe5 21.
Ng3 Rbg8 22. Qh6 Bxc4 23. Rfe1 Be6 24. Bf5 Qa5 25. Rbd1 Rxg3 26. Bxe6 Rxg2+ 27.
Kxg2 dxe6 28. Kh1 Qg5 29. Qh3 Nd5 30. Qa3+ Ke8 31. Qd6 Rg8 32. Qxd5 Qxd5+ 33.
Rxd5 Rg5 34. Rxg5 fxg5 35. Rd1 Ke7 36. Kg2 f5 37. Kg3 e5 38. f3 h5 39. h3 h4+
40. Kf2 a5 41. Rb1 Kd6 42. Rxb6+ Kc5 43. Rb8 a4 44. a3 Kc4 45. Ke2 Kc3 46. Rb4
1-0

[Event "28.Alpenpokal"]
[Site "?"]
[Date "2002.??.??"]
[Round "1"]
[White "Drewitz, Friedel"]
[Black "Watson, Ron"]
[Result "1/2-1/2"]
[WhiteElo "1825"]
[BlackElo "2200"]
[Annotator "ChessOrg"]
[PlyCount "119"]

1. e4 e6 2. d4 d5 3. Nd2 dxe4 4. Nxe4 Nf6 5. Bg5 Be7 6. Bxf6 gxf6 7. c3 Qd5 8.
Qf3 f5 9. Nd2 Qxf3 10. Ngxf3 Rg8 11. O-O-O Nd7 12. g3 c5 13. Nb3 cxd4 14. Nbxd4
a6 15. Nb3 b5 16. Bg2 Bb7 17. Rxd7 Kxd7 18. Ne5+ Kc7 19. Bxb7 Kxb7 20. Nxf7
Rac8 21. Re1 Rg7 22. Ne5 b4 23. c4 Bf6 24. Kb1 Re7 25. c5 Bxe5 26. Rxe5 Rd8 27.
Kc2 Rd5 28. Re3 e5 29. a3 bxa3 30. bxa3 e4 31. Rc3 Kc7 32. a4 Red7 33. f3 Rd3
34. fxe4 fxe4 35. Rc4 Re3 36. Nd4 Rf7 37. Ne6+ Kc8 38. Nf4 Rd7 39. c6 Rd6 40.
Rc5 Ra3 41. c7 e3 42. Nd5 Rxd5 43. Rxd5 Rxa4 44. Re5 Ra2+ 45. Kd3 Rxh2 46. Re7
e2 47. Kd2 h5 48. Rh7 a5 49. Ke1 a4 50. Rh8+ Kxc7 51. Ra8 h4 52. gxh4 Rxh4 53.
Kxe2 Kc6 54. Kd2 Kb5 55. Kc2 Kb4 56. Kb2 Rh2+ 57. Kb1 Ka3 58. Ra7 Rb2+ 59. Ka1
Rb4 60. Rh7 1/2-1/2

[Event "28.Alpenpokal"]
[Site "?"]
[Date "2002.??.??"]
[Round "1"]
[White "Fischer, Ernst"]
[Black "Moehring, Norbert"]
[Result "1-0"]
[WhiteElo "2197"]
[BlackElo "1818"]
[Annotator "ChessOrg"]
[PlyCount "65"]

1. e4 e5 2. Bc4 Nf6 3. d3 c6 4. Nf3 d5 5. Bb3 Bg4 6. h3 Bh5 7. g4 dxe4 8. Nxe5
Qa5+ 9. Bd2 Qxe5 10. Bc3 Qf4 11. gxh5 Nbd7 12. Qe2 O-O-O 13. d4 Ne5 14. Qe3
Nf3+ 15. Ke2 Qf5 16. Nd2 Qxh5 17. Kf1 Bd6 18. Nxe4 Qb5+ 19. Kg2 Nh4+ 20. Kg1
Rhe8 21. Nxd6+ Rxd6 22. Qf4 Nf5 23. a4 Nxd4 24. Bxd4 Rxd4 25. Qxd4 Qg5+ 26. Kf1
Qf5 27. Re1 Ne4 28. Qe3 Qd7 29. Kg2 f5 30. f3 Qd6 31. fxe4 Rxe4 32. Qd3 Qg6+
33. Qg3 1-0

[Event "28.Alpenpokal"]
[Site "?"]
[Date "2002.??.??"]
[Round "1"]
[White "Emde, Rainer"]
[Black "Schumacher, Gottfried"]
[Result "1/2-1/2"]
[WhiteElo "1800"]
[BlackElo "2186"]
[Annotator "ChessOrg"]
[PlyCount "100"]

1. d4 Nf6 2. Nf3 e6 3. e3 c5 4. c4 d5 5. Nc3 cxd4 6. exd4 Be7 7. Bd3 dxc4 8.
Bxc4 O-O 9. O-O Nbd7 10. Re1 b6 11. d5 exd5 12. Nxd5 Bd6 13. Bg5 Bb7 14. Qd4
Rc8 15. Rad1 Bxd5 16. Bxd5 Be7 17. Bc4 Rc6 18. Bb5 Rd6 19. Qa4 h6 20. Bf4 Rd5
21. Bc6 Nc5 22. Qc2 Rxd1 23. Rxd1 Qc8 24. Bb5 Ne6 25. Qxc8 Rxc8 26. Rc1 Rd8 27.
Be3 Ng4 28. Bd2 Bc5 29. Be1 Rd5 30. Bc4 Rd8 31. h3 Nf6 32. g3 Ne4 33. Kg2 Kf8
34. b4 Bd6 35. Bd5 Nf6 36. Bc6 Be7 37. b5 Ba3 38. Rc2 Nc5 39. Ne5 Rd1 40. Bd2
Nce4 41. Be3 Bd6 42. Nd7+ Nxd7 43. Bxe4 Bc5 44. Rd2 Rxd2 45. Bxd2 Bd4 46. f4
Ke7 47. Kf3 Kd6 48. g4 Nc5 49. Bc2 Kd5 50. Bd1 Kc4 1/2-1/2

[Event "28.Alpenpokal"]
[Site "?"]
[Date "2002.??.??"]
[Round "1"]
[White "Doehner, Hans-Juergen"]
[Black "Korhonen, Erkki"]
[Result "1-0"]
[WhiteElo "2171"]
[BlackElo "1800"]
[Annotator "ChessOrg"]
[PlyCount "93"]

1. e4 c5 2. Nc3 Nc6 3. f4 g6 4. Nf3 Bg7 5. Bc4 d6 6. O-O e6 7. d3 Nge7 8. Qe1
O-O 9. a3 a6 10. a4 Rb8 11. f5 exf5 12. Qh4 Ne5 13. Bg5 Nxf3+ 14. gxf3 Bxc3 15.
bxc3 Re8 16. Qh6 f4 17. Bf6 Nf5 18. Bxd8 Nxh6 19. Bc7 Bh3 20. Rfb1 Rbc8 21.
Bxd6 Be6 22. Bxe6 Rxe6 23. Bxf4 g5 24. Bd2 b6 25. Kf2 f6 26. h4 Nf7 27. hxg5
fxg5 28. Rg1 Rg6 29. Rg2 Rf8 30. f4 Ne5 31. f5 h6 32. Ke2 Rd6 33. Be3 Re8 34.
a5 Nd7 35. axb6 Rxb6 36. c4 Kg7 37. Rh2 Rc6 38. Bd2 Kf7 39. Rah1 Rg8 40. Rxh6
Ne5 41. Bc3 Rxh6 42. Rxh6 Nd7 43. Rxa6 g4 44. Kf2 Rg5 45. Kg3 Nf8 46. Ra7+ Ke8
47. Bf6 1-0

[Event "28.Alpenpokal"]
[Site "?"]
[Date "2002.??.??"]
[Round "1"]
[White "Buesdorf, Konrad"]
[Black "Graf, Joachim"]
[Result "0-1"]
[WhiteElo "1796"]
[BlackElo "2171"]
[Annotator "ChessOrg"]
[PlyCount "48"]

1. d4 d5 2. Nf3 Nf6 3. Bf4 c5 4. dxc5 Nc6 5. c3 g6 6. Nd4 Bg7 7. Nxc6 bxc6 8.
Be5 O-O 9. e3 a5 10. Qa4 Qd7 11. Bd3 Ne4 12. Bxg7 Nxc5 13. Qd4 Nxd3+ 14. Kd2 c5
15. Qxd3 Kxg7 16. Na3 Ba6 17. c4 Qg4 18. Qc3+ Kg8 19. Rhg1 Rfd8 20. Rae1 d4 21.
exd4 Qf4+ 22. Qe3 Rxd4+ 23. Kc1 Qd6 24. Qxe7 Rd1+ 0-1

[Event "28.Alpenpokal"]
[Site "?"]
[Date "2002.??.??"]
[Round "1"]
[White "Bierwisch, Bernhard"]
[Black "Reinkoester, Michael"]
[Result "1/2-1/2"]
[WhiteElo "2167"]
[BlackElo "1786"]
[Annotator "ChessOrg"]
[PlyCount "79"]

1. e4 c5 2. Nc3 e6 3. Nf3 Nc6 4. d4 cxd4 5. Nxd4 Nf6 6. Be3 Be7 7. Be2 a6 8.
O-O O-O 9. Qd2 Qc7 10. f4 d6 11. Nb3 b5 12. a3 Bd7 13. Bf3 Rac8 14. Rad1 Rfd8
15. Qf2 Rb8 16. g4 b4 17. axb4 Nxb4 18. Rd2 Bb5 19. Nxb5 Rxb5 20. Nd4 Rbb8 21.
f5 e5 22. Nb3 d5 23. g5 Nxe4 24. Bxe4 dxe4 25. f6 Rxd2 26. Nxd2 Bf8 27. fxg7
Bxg7 28. Nxe4 Nd5 29. Nf6+ Bxf6 30. gxf6 Nxe3 31. Qxe3 Qb6 32. Qxb6 Rxb6 33. b3
h6 34. Rf5 Rb5 35. h4 Rb6 36. Kf1 Kf8 37. Ke2 Re6 38. Ke3 e4 39. c4 Ke8 40. Rf4
1/2-1/2

[Event "28.Alpenpokal"]
[Site "?"]
[Date "2002.??.??"]
[Round "1"]
[White "Moerger, Karl-Heinz"]
[Black "Wunderer, Eckart"]
[Result "0-1"]
[WhiteElo "1782"]
[BlackElo "2151"]
[Annotator "ChessOrg"]
[PlyCount "108"]

1. e4 d6 2. d4 Nf6 3. Nc3 c6 4. Be2 Nbd7 5. Nf3 e5 6. O-O Be7 7. Re1 O-O 8. Bf1
Qc7 9. d5 Re8 10. h3 Nf8 11. Be3 Ng6 12. Qd2 Bd7 13. Bd3 c5 14. b3 Nh5 15. Ne2
Qc8 16. Kh2 Rf8 17. Rf1 f5 18. exf5 Bxf5 19. Ng5 Bxg5 20. Bxg5 Bxd3 21. Qxd3
Nhf4 22. Nxf4 Nxf4 23. Bxf4 Rxf4 24. c4 Qf8 25. Rae1 Rxf2 26. Rxf2 Qxf2 27. Rf1
Qh4 28. Qf5 Qe7 29. Qe6+ Qxe6 30. dxe6 Re8 31. Rf7 Rxe6 32. Rxb7 a5 33. Kg3 Rf6
34. Ra7 Kf8 35. Ra8+ Kf7 36. Rxa5 e4 37. Ra7+ Ke6 38. Rxg7 e3 39. Rg4 Ke5 40.
Rg8 Kd4 41. Re8 Kd3 42. a3 e2 43. b4 cxb4 44. axb4 Kd2 45. c5 dxc5 46. bxc5
e1=Q+ 47. Rxe1 Kxe1 48. h4 Ke2 49. h5 h6 50. Kg4 Ke3 51. c6 Rxc6 52. Kh4 Rc3
53. g4 Kf4 54. g5 hxg5# 0-1

[Event "28.Alpenpokal"]
[Site "?"]
[Date "2002.??.??"]
[Round "1"]
[White "Woell, Josef"]
[Black "Boeven, Manfred"]
[Result "1-0"]
[WhiteElo "1756"]
[BlackElo "2126"]
[Annotator "ChessOrg"]
[PlyCount "77"]

1. d4 d5 2. Bg5 h6 3. Bh4 c5 4. dxc5 Qa5+ 5. Nd2 Qxc5 6. e3 Qb4 7. Ngf3 Qxb2 8.
c4 e6 9. cxd5 exd5 10. Bd3 Nc6 11. O-O Be7 12. Qa4 Qb4 13. Bb5 Qxa4 14. Bxa4
Bxh4 15. Nxh4 Nge7 16. Rab1 O-O 17. Rfc1 Rd8 18. Nhf3 d4 19. e4 Na5 20. Ne5 f6
21. Nd3 b6 22. Rc7 Kf8 23. f3 Be6 24. a3 Nc8 25. Nf4 Bf7 26. Rbc1 Nd6 27. Bd7
Ne8 28. Be6 Nxc7 29. Rxc7 Be8 30. Bd5 Rxd5 31. Ne6+ Kg8 32. Rxg7+ Kh8 33. exd5
Rc8 34. Rxa7 Bb5 35. Nxd4 Bc4 36. d6 Bd5 37. Ne4 Bxe4 38. fxe4 Rd8 39. d7 1-0

[Event "28.Alpenpokal"]
[Site "?"]
[Date "2002.??.??"]
[Round "1"]
[White "Maugg, Ludwig"]
[Black "Fehres, Werner"]
[Result "1-0"]
[WhiteElo "2141"]
[BlackElo "2104"]
[Annotator "ChessOrg"]
[PlyCount "49"]

1. d4 d5 2. c4 e6 3. Nc3 Nf6 4. cxd5 exd5 5. Bg5 Be7 6. e3 O-O 7. Bd3 h6 8. Bh4
c6 9. Nge2 Nbd7 10. Qc2 Re8 11. f3 Nf8 12. O-O g5 13. Bf2 Bd6 14. Kh1 Kg7 15.
e4 Bb8 16. e5 Ng8 17. f4 f6 18. Ng3 Kh8 19. Qd2 gxf4 20. Qxf4 fxe5 21. dxe5 Ne6
22. Qf5 Ng5 23. e6 d4 24. Nce2 Nxe6 25. Qh7# 1-0

[Event "28.Alpenpokal"]
[Site "?"]
[Date "2002.??.??"]
[Round "1"]
[White "Mueller, Helmut"]
[Black "Struwecker, Sigurd"]
[Result "1-0"]
[WhiteElo "1870"]
[BlackElo "1750"]
[Annotator "ChessOrg"]
[PlyCount "103"]

1. d4 d5 2. Nf3 Bf5 3. Bf4 e6 4. e3 Nf6 5. Bd3 Bxd3 6. Qxd3 c6 7. O-O Be7 8.
Nbd2 Nbd7 9. h3 h6 10. c4 dxc4 11. Nxc4 Nb6 12. Rfd1 Nxc4 13. Qxc4 Bd6 14. Be5
Qe7 15. Rac1 O-O 16. Bxd6 Qxd6 17. b4 Rac8 18. a4 Rc7 19. Qc5 Qxc5 20. bxc5 b5
21. cxb6 axb6 22. Rb1 Nd7 23. Rdc1 Rfc8 24. Nd2 c5 25. Rc4 cxd4 26. Rxd4 Kf8
27. Kf1 Ra8 28. Ne4 Ra5 29. Nd6 Ke7 30. Rbd1 Rac5 31. Nxf7 Rc1 32. Rxd7+ Rxd7
33. Rxc1 Kxf7 34. Ke2 Ke7 35. f4 Ra7 36. Rc4 Ra5 37. e4 b5 38. axb5 Rxb5 39.
Rc7+ Kf6 40. g4 Rb2+ 41. Kd3 g5 42. e5+ Kg6 43. f5+ exf5 44. Rc6+ Kg7 45. gxf5
Rb3+ 46. Rc3 Rb4 47. Rc7+ Kf8 48. f6 Rf4 49. Ke3 Rh4 50. e6 Rxh3+ 51. Ke4 Rh1
52. Rc8# 1-0

[Event "28.Alpenpokal"]
[Site "?"]
[Date "2002.??.??"]
[Round "1"]
[White "Felten, Joachim"]
[Black "Schneider, Miloca"]
[Result "1-0"]
[WhiteElo "2099"]
[BlackElo "2078"]
[Annotator "ChessOrg"]
[PlyCount "109"]

1. e4 d5 2. exd5 Qxd5 3. Nc3 Qa5 4. d4 Nf6 5. Bc4 Bf5 6. Nf3 e6 7. Bd2 c6 8.
Nd5 Qd8 9. Nxf6+ Qxf6 10. Qe2 Qd8 11. O-O-O Nd7 12. Ne5 Nxe5 13. dxe5 Qh4 14.
f3 Bc5 15. g4 Bg6 16. Be1 Qg5+ 17. Bd2 Qh4 18. Bf4 h5 19. Kb1 hxg4 20. fxg4 Qf2
21. Qxf2 Bxf2 22. Rd2 Bc5 23. h4 Be4 24. Rh3 Rd8 25. Rxd8+ Kxd8 26. Be2 b5 27.
h5 f6 28. Be3 Bg2 29. Rg3 Bxe3 30. Rxe3 Ke7 31. c4 a6 32. cxb5 axb5 33. Ra3 Rd8
34. Ra7+ Kf8 35. exf6 gxf6 36. Kc1 Be4 37. a4 bxa4 38. Rxa4 Bd5 39. Ra7 e5 40.
h6 Kg8 41. h7+ Kh8 42. Re7 e4 43. Bd1 Rf8 44. Bc2 Rf7 45. Re8+ Kxh7 46. Bxe4+
Bxe4 47. Rxe4 Kh6 48. Kc2 Rd7 49. Kc3 Kg5 50. Kc4 Rd1 51. b4 Rd5 52. Re6 Re5
53. Rxc6 Re4+ 54. Kc5 Rxg4 55. b5 1-0

[Event "28.Alpenpokal"]
[Site "?"]
[Date "2002.??.??"]
[Round "1"]
[White "Marek, Herbert"]
[Black "Gerhards, Walter"]
[Result "1-0"]
[WhiteElo "1727"]
[BlackElo "2086"]
[Annotator "ChessOrg"]
[PlyCount "95"]

1. d4 Nf6 2. Bg5 d5 3. e3 Nbd7 4. Bd3 h6 5. Bh4 e6 6. f4 c5 7. c3 Qb6 8. Qc2 c4
9. Be2 Ne4 10. Nf3 f5 11. O-O Be7 12. Bxe7 Kxe7 13. Nbd2 Qc7 14. Nxe4 fxe4 15.
Nh4 Nf8 16. f5 Bd7 17. Rf2 Kd6 18. b3 b5 19. a4 Rc8 20. bxc4 bxc4 21. Qa2 Ke7
22. Bh5 Qd6 23. Raf1 Kd8 24. f6 g5 25. Ng6 Nxg6 26. Bxg6 Kc7 27. f7 Rhf8 28.
Rf6 Rb8 29. Rb1 Qe7 30. Rbf1 Rb3 31. Bh5 Rxc3 32. Qf2 Ra3 33. Rxh6 Rxa4 34. Rg6
Rb4 35. Qg3+ Kd8 36. Rxg5 a5 37. Rg8 Bc6 38. Rxf8+ Qxf8 39. Qg8 Ke7 40. Qg5+
Kd7 41. Bg4 c3 42. Qf6 Kc7 43. Qe5+ Kb7 44. Qxe6 Kb6 45. Qc8 Qh6 46. f8=Q Qxe3+
47. Kh1 c2 48. Qc5# 1-0

[Event "28.Alpenpokal"]
[Site "?"]
[Date "2002.??.??"]
[Round "1"]
[White "Zoefel, Peter"]
[Black "Sakowski, Christian"]
[Result "1/2-1/2"]
[WhiteElo "2070"]
[BlackElo "1718"]
[Annotator "ChessOrg"]
[PlyCount "115"]

1. d4 Nf6 2. Nf3 e6 3. e3 b6 4. Bd3 Bb7 5. Nbd2 Be7 6. e4 d6 7. O-O O-O 8. Re1
Nbd7 9. c3 c5 10. Nf1 Rc8 11. Ng3 Re8 12. Bd2 Bf8 13. Bg5 Qc7 14. Rc1 g6 15.
Qd2 Bg7 16. h4 h5 17. Nh2 c4 18. Bc2 b5 19. a3 a6 20. Bh6 Qd8 21. Bg5 Qc7 22.
Ra1 e5 23. d5 Nc5 24. Bh6 Bxh6 25. Qxh6 Qe7 26. Qg5 Nh7 27. Qxe7 Rxe7 28. Rad1
Rce8 29. Re3 Bc8 30. Ra1 Ra7 31. Rf1 Nf6 32. Ra1 Ng4 33. Nxg4 Bxg4 34. Ree1 Kg7
35. Nf1 Bd7 36. Ne3 Raa8 37. f3 Rh8 38. g3 f6 39. Re2 Kf7 40. Rf2 Rhe8 41. Kg2
Kg7 42. Raf1 Rf8 43. Kh2 Rae8 44. Ra1 Rh8 45. Raf1 Rhf8 46. g4 hxg4 47. fxg4
Rf7 48. Kg3 Ref8 49. Rh2 Rh8 50. Ra1 Rff8 51. a4 Ra8 52. Rf2 Rhf8 53. Raf1 Rf7
54. Rh1 Rh8 55. axb5 axb5 56. Ra1 Rff8 57. Rff1 Ra8 58. Rfe1 1/2-1/2

[Event "28.Alpenpokal"]
[Site "?"]
[Date "2002.??.??"]
[Round "1"]
[White "Boehm, Karl"]
[Black "Rodemann, Edmund"]
[Result "0-1"]
[WhiteElo "1681"]
[BlackElo "2064"]
[Annotator "ChessOrg"]
[PlyCount "114"]

1. d4 f5 2. c4 Nf6 3. Nc3 d6 4. Nf3 g6 5. e3 Bg7 6. Bd3 O-O 7. O-O Nc6 8. Bd2
e5 9. dxe5 dxe5 10. Be2 e4 11. Ne1 Ne5 12. Qc2 c6 13. f3 exf3 14. Nxf3 Qc7 15.
Rad1 Neg4 16. Qc1 Re8 17. Rde1 Ne4 18. Bd1 Ngf6 19. Nd4 Be6 20. b3 Rad8 21. Bf3
Nxd2 22. Qxd2 c5 23. Qc2 cxd4 24. exd4 Rxd4 25. Nd5 Qc5 26. Nxf6+ Bxf6 27. Kh1
Bf7 28. Bxb7 Rxe1 29. Rxe1 Qd6 30. c5 Qc7 31. Bf3 Bd5 32. Bxd5+ Rxd5 33. b4 Kg7
34. h3 Qg3 35. Rd1 Be5 36. Kg1 Qh2+ 37. Kf2 Qf4+ 38. Kg1 Rxd1+ 39. Qxd1 Qd4+
40. Qxd4 Bxd4+ 41. Kf1 Kf7 42. Ke2 Ke6 43. Kd3 Kd5 44. c6 Bb6 45. b5 a6 46.
bxa6 Kxc6 47. Ke2 Kb5 48. Kf3 g5 49. Ke2 Kxa6 50. Kd3 Kb5 51. a4+ Kc5 52. Kc3
Ba5+ 53. Kd3 Kd5 54. Ke3 Ke5 55. Kf3 h5 56. Ke3 g4 57. hxg4 hxg4 0-1

[Event "28.Alpenpokal"]
[Site "?"]
[Date "2002.??.??"]
[Round "1"]
[White "Perk, Egbert"]
[Black "Kaiser, Hans"]
[Result "1-0"]
[WhiteElo "2063"]
[BlackElo "1679"]
[Annotator "ChessOrg"]
[PlyCount "67"]

1. d4 Nf6 2. e3 e6 3. Bd3 c5 4. c3 Nc6 5. f4 d5 6. Nd2 Bd6 7. Ngf3 cxd4 8. cxd4
O-O 9. O-O Nb4 10. Bb1 b6 11. a3 Nc6 12. Ne5 Bd7 13. b4 Rc8 14. Bd3 g6 15. g4
Be8 16. Bb2 Nd7 17. Rc1 Bxe5 18. dxe5 Ne7 19. Nf3 Rxc1 20. Qxc1 Nb8 21. Nd4
Nec6 22. b5 Nxd4 23. Bxd4 Bd7 24. g5 Qc8 25. Qd2 Kg7 26. h4 h5 27. Qe2 Qb7 28.
f5 gxf5 29. Bxf5 exf5 30. Qxh5 Be6 31. Qh6+ Kg8 32. Kh2 f6 33. gxf6 Qh7 34.
Rg1+ 1-0

[Event "28.Alpenpokal"]
[Site "?"]
[Date "2002.??.??"]
[Round "1"]
[White "Tauscher, Max"]
[Black "Walther, Diethelm"]
[Result "0-1"]
[WhiteElo "1675"]
[BlackElo "2101"]
[Annotator "ChessOrg"]
[PlyCount "106"]

1. e4 c5 2. Nf3 Nc6 3. d4 cxd4 4. Nxd4 g6 5. Nc3 Bg7 6. Be3 Nf6 7. Bc4 d6 8. h3
O-O 9. O-O Bd7 10. a3 a6 11. Rb1 Rc8 12. Bb3 Na5 13. Re1 Nxb3 14. Nxb3 Bc6 15.
Bg5 h6 16. Bh4 b5 17. Nd5 g5 18. Nxf6+ Bxf6 19. Bg3 Qc7 20. c3 Rfd8 21. Qh5 Bg7
22. Rbd1 Bd7 23. Nd4 e5 24. Nf5 Bxf5 25. exf5 Qe7 26. f4 gxf4 27. Bxf4 Qf6 28.
Bg3 Qg5 29. Qf3 Qe7 30. Re4 f6 31. Rg4 Qf7 32. Rg6 Rd7 33. Bh4 Kf8 34. Qd5 Qxd5
35. Rxd5 Kf7 36. Kf2 Rc5 37. Rxc5 dxc5 38. Ke2 c4 39. Rg3 h5 40. Rf3 Bh6 41.
Be1 Bc1 42. g4 hxg4 43. hxg4 Bxb2 44. Rh3 Bxa3 45. Rh7+ Ke8 46. Rh8+ Bf8 47.
Bh4 Rf7 48. Ke3 a5 49. Ke4 a4 50. g5 a3 51. g6 a2 52. gxf7+ Kxf7 53. Rh7+ Bg7
0-1

[Event "28.Alpenpokal"]
[Site "?"]
[Date "2002.??.??"]
[Round "1"]
[White "Varain, Ernst-Helmut"]
[Black "Schulz, Hermann"]
[Result "1-0"]
[WhiteElo "2077"]
[BlackElo "1667"]
[Annotator "ChessOrg"]
[PlyCount "65"]

1. e4 c5 2. Nf3 d6 3. d4 cxd4 4. Nxd4 Nf6 5. Nc3 g6 6. g3 Bg7 7. Bg2 a6 8. O-O
Qc7 9. Bg5 O-O 10. Bxf6 Bxf6 11. Nd5 Qd8 12. Nxf6+ exf6 13. Qd2 Kg7 14. c4 Qc7
15. b3 Nc6 16. Nc2 Be6 17. Ne3 Rad8 18. f4 Qb6 19. Kh1 f5 20. exf5 gxf5 21.
Rad1 Rfe8 22. Rfe1 Kg8 23. Qc3 Qc5 24. Bd5 b5 25. Qf6 Bxd5+ 26. Nxd5 Rxe1+ 27.
Rxe1 bxc4 28. Qxf5 Qf2 29. Qe4 Kg7 30. bxc4 Nd4 31. Qe3 Qb2 32. f5 Kh8 33. Qe7
1-0

[Event "28.Alpenpokal"]
[Site "?"]
[Date "2002.??.??"]
[Round "1"]
[White "Otto, Matthias"]
[Black "Kleifges, Matthias"]
[Result "0-1"]
[WhiteElo "1660"]
[BlackElo "2067"]
[Annotator "ChessOrg"]
[PlyCount "80"]

1. e4 e6 2. d3 d5 3. Nd2 Nf6 4. Ngf3 c5 5. g3 Nc6 6. Bg2 dxe4 7. dxe4 e5 8. O-O
Bg4 9. Nc4 Qc7 10. Qe1 Be7 11. Ne3 Bxf3 12. Bxf3 O-O 13. c3 Rad8 14. Nf5 Rd7
15. Bg5 Ne8 16. Qe3 f6 17. Nxe7+ Nxe7 18. Bh4 g5 19. Bxg5 fxg5 20. Qxg5+ Ng7
21. Bg4 Rd3 22. Rad1 Rfd8 23. Rxd3 Rxd3 24. Be6+ Kh8 25. Qf6 Ng8 26. Bxg8 Kxg8
27. f4 exf4 28. gxf4 Qd6 29. Qxd6 Rxd6 30. Rf2 Kf7 31. Kg2 Rd3 32. Re2 Ne6 33.
Rf2 Re3 34. e5 Ng7 35. Rd2 Ke7 36. Kf2 Nf5 37. Rd5 b6 38. a4 Re4 39. Kf3 Rxa4
40. Kg4 Ne3+ 0-1

[Event "28.Alpenpokal"]
[Site "?"]
[Date "2002.??.??"]
[Round "1"]
[White "Johannsen, Ingbert"]
[Black "Czech, Gerhard"]
[Result "1-0"]
[WhiteElo "2037"]
[BlackElo "1658"]
[Annotator "ChessOrg"]
[PlyCount "57"]

1. e4 g6 2. d4 Bg7 3. Nc3 d6 4. Be3 Nf6 5. f3 Nc6 6. Qd2 a6 7. O-O-O b5 8. Bh6
Bxh6 9. Qxh6 e5 10. Nge2 Qe7 11. h4 Bb7 12. g4 O-O-O 13. Qe3 h6 14. d5 Na5 15.
Ng3 c6 16. b4 Nc4 17. Bxc4 bxc4 18. Na4 Kb8 19. dxc6 Bxc6 20. Nb6 d5 21. exd5
Nxd5 22. Nxd5 Bxd5 23. Rhe1 f6 24. Qb6+ Qb7 25. Qxf6 Qxb4 26. Re3 c3 27. Qxe5+
Kb7 28. Rxc3 Bxa2 29. Qc7+ 1-0

[Event "28.Alpenpokal"]
[Site "?"]
[Date "2002.??.??"]
[Round "1"]
[White "Meyer, Thomas"]
[Black "Wahl, Frithjof"]
[Result "0-1"]
[WhiteElo "1649"]
[BlackElo "2008"]
[Annotator "ChessOrg"]
[PlyCount "78"]

1. d4 g6 2. c4 Bg7 3. Nc3 d6 4. e4 Nc6 5. Be3 e5 6. d5 Nce7 7. Qd2 f5 8. f3 f4
9. Bf2 g5 10. Be2 h5 11. g3 Ng6 12. O-O-O Nh6 13. Qe1 O-O 14. h4 g4 15. fxg4
Nxg4 16. Nf3 Bh6 17. Kb1 Qf6 18. Nh2 Rf7 19. Nxg4 hxg4 20. Bd3 Bd7 21. Rf1 a6
22. Be3 Qg7 23. Bc1 Raf8 24. Qd2 Kh7 25. Qh2 fxg3 26. Qxg3 Bxc1 27. Rxf7 Rxf7
28. Kxc1 Qh6+ 29. Kb1 Rf3 30. Qg1 b6 31. Be2 Rf4 32. Rf1 Qxh4 33. Qh1 Rxf1+ 34.
Qxf1 Nf4 35. Bd1 Kg6 36. Be2 Qh2 37. Bd1 g3 38. Ne2 g2 39. Qg1 Qh1 0-1

[Event "28.Alpenpokal"]
[Site "?"]
[Date "2002.??.??"]
[Round "1"]
[White "Angerer, Martin"]
[Black "Winter, Rudolf"]
[Result "1-0"]
[WhiteElo "1991"]
[BlackElo "1640"]
[Annotator "ChessOrg"]
[PlyCount "61"]

1. e4 c5 2. Nf3 Nc6 3. d4 cxd4 4. Nxd4 Nf6 5. Nc3 d6 6. Be2 g6 7. Be3 Bg7 8. f3
a6 9. Qd2 Bd7 10. O-O-O O-O 11. g4 Qa5 12. Kb1 Rac8 13. h4 b5 14. Nxc6 Bxc6 15.
Nd5 Qd8 16. Nxf6+ Bxf6 17. Bd3 d5 18. h5 dxe4 19. fxe4 Be5 20. Qg2 Qc7 21. Qh3
e6 22. Rdf1 f5 23. gxf5 exf5 24. hxg6 hxg6 25. Rhg1 fxe4 26. Rxg6+ Bg7 27. Qe6+
Rf7 28. Bd4 Re8 29. Rxg7+ Kf8 30. Rfxf7+ Qxf7 31. Qxf7# 1-0

[Event "28.Alpenpokal"]
[Site "?"]
[Date "2002.??.??"]
[Round "1"]
[White "Dittler, Volkfried"]
[Black "Martino-Gross, Peter"]
[Result "0-1"]
[WhiteElo "1623"]
[BlackElo "1963"]
[Annotator "ChessOrg"]
[PlyCount "64"]

1. d4 Nf6 2. Nf3 g6 3. c4 Bg7 4. Nc3 d5 5. Bf4 O-O 6. cxd5 Nxd5 7. Nxd5 Qxd5 8.
Bxc7 Nc6 9. e3 Bf5 10. Nd2 Rac8 11. Bg3 Nb4 12. Be2 Nc2+ 13. Kf1 Nxa1 14. Qxa1
Rc2 15. Nb3 Rfc8 16. f3 Qxb3 17. axb3 Rc1+ 18. Qxc1 Rxc1+ 19. Be1 Rb1 20. g4
Bd7 21. h4 Rxb2 22. b4 e6 23. f4 Bc6 24. Rh3 Bf8 25. f5 Bxb4 26. Bxb4 Rxb4 27.
f6 Rb3 28. g5 a5 29. h5 a4 30. hxg6 hxg6 31. Bd1 Rc3 32. Ke2 a3 0-1

[Event "28.Alpenpokal"]
[Site "?"]
[Date "2002.??.??"]
[Round "1"]
[White "Schulz, Toni"]
[Black "Aufmwasser, Guenter"]
[Result "1-0"]
[WhiteElo "1960"]
[BlackElo "1616"]
[Annotator "ChessOrg"]
[PlyCount "65"]

1. e4 g6 2. d4 Bg7 3. Nc3 c5 4. Nf3 cxd4 5. Nxd4 Nc6 6. Nb3 Nf6 7. Be2 O-O 8.
O-O a6 9. f4 d6 10. Bf3 h5 11. Kh1 Bg4 12. h3 Bxf3 13. Qxf3 e6 14. Be3 h4 15.
Bf2 Nh5 16. Qg4 Bf6 17. Rad1 Be7 18. Nd4 Nf6 19. Qf3 Nxd4 20. Rxd4 Nh5 21. f5
Bg5 22. Rfd1 Bf4 23. Qg4 Ng3+ 24. Bxg3 Bxg3 25. fxe6 g5 26. Nd5 fxe6 27. Qxe6+
Kh7 28. Ne7 Qe8 29. Rxd6 Bxd6 30. Rxd6 Qh5 31. Rd7 Rf1+ 32. Kh2 Raf8 33. Nf5+
1-0

[Event "28.Alpenpokal"]
[Site "?"]
[Date "2002.??.??"]
[Round "1"]
[White "Braunstein, Richard"]
[Black "Froehlich, Rainer"]
[Result "0-1"]
[WhiteElo "1566"]
[BlackElo "1933"]
[Annotator "ChessOrg"]
[PlyCount "32"]

1. e4 c5 2. Nf3 g6 3. d4 Bg7 4. Be3 Qb6 5. b3 Nc6 6. c3 cxd4 7. Nxd4 Qa5 8. Qd2
Nf6 9. Nxc6 bxc6 10. Bd3 d5 11. exd5 Nxd5 12. b4 Qd8 13. O-O O-O 14. Bh6 Bxh6
15. Qxh6 Nxc3 16. Bxg6 Ne2+ 0-1